Statistics for All Countries by Elevation Span

Click here to take the quiz!

General Stats

  • This quiz has been taken 808 times
    (428 since last reset)
  • The average score is 50 of 196

Answer Stats

Elevation span (highest/lowest/continent)Country% Correct
1. 9004 (8850 m/−154 m Asia)China
98%
2. 8780 (8850 m/70 m Asia)Nepal
96%
3. 8611 (8611 m/sea level Asia)Pakistan
91%
4. 8588 (8586 m/−2 m Asia)India
89%
5. 7473 (7570 m/97 m Asia)Bhutan
87%
6. 7234 (7492 m/258 m Asia)Afghanistan
82%
9. 7065 (6960 m/−105 m South America)Argentina
82%
13. 6452 (6542 m/90 m South America)Bolivia
82%
16. 5959 (5959 m/sea level North America)Canada
82%
11. 6893 (6893 m/sea level South America)Chile
82%
12. 6802 (6768 m/−34 m South America)Peru
82%
14. 6279 (6194 m/−85 m North America)United States
82%
15. 6267 (6267 m/sea level South America)Ecuador
81%
19. 5700 (5700 m/sea level South America)Colombia
80%
7. 7195 (7495 m/300 m Asia)Tajikistan
80%
21. 5646 (5636 m/−10 m North America)Mexico
79%
20. 5670 (5642 m/−28 m Asia/Europe)Russia
79%
17. 5892 (5892 m/sea level Africa)Tanzania
76%
25. 5137 (5137 m/sea level Asia/Europe)Turkey
75%
27. 4981 (4981 m/sea level South America)Venezuela
74%
10. 7004 (7439 m/435 m Asia)Kyrgyzstan
72%
29. 4813 (4810 m/−3 m Europe)Italy
71%
8. 7142 (7010 m/−132 m Asia)Kazakhstan
71%
24. 5199 (5199 m/sea level Africa)Kenya
71%
30. 4812 (4810 m/−2 m Europe)France
70%
18. 5881 (5881 m/sea level Asia)Myanmar
69%
22. 5638 (5610 m/−28 m Asia)Iran
65%
34. 4509 (4509 m/sea level Oceania)Papua New Guinea
64%
26. 5109 (5109 m/sea level Africa)Democratic Republic of the Congo
63%
36. 4441 (4634 m/193 m Europe)Switzerland
62%
37. 4220 (4220 m/sea level North America)Guatemala
60%
23. 5201 (5201 m/sea level Asia)Georgia
59%
28. 4884 (4884 m/sea level Asia)Indonesia
55%
31. 4675 (4550 m/−125 m Africa)Ethiopia
51%
45. 3756 (3754 m/−2 m Oceania)New Zealand
51%
32. 4655 (4643 m/−12 m Asia)Uzbekistan
47%
43. 3820 (3820 m/sea level North America)Costa Rica
46%
33. 4513 (4485 m/−28 m Asia)Azerbaijan
45%
35. 4488 (5109 m/621 m Africa)Uganda
45%
46. 3718 (3718 m/sea level Europe)Spain
41%
48. 3683 (3798 m/115 m Europe)Austria
40%
52. 3475 (3475 m/sea level North America)Panama
39%
65. 2994 (2994 m/sea level South America)Brazil
36%
39. 4095 (4095 m/sea level Asia)Malaysia
35%
196. 2 (2 m/sea level Asia)Maldives
35%
56. 3143 (3098 m/−45 m North America)Dominican Republic
34%
37. 4220 (4165 m/−55 m Africa)Morocco
34%
195. 5 (5 m/sea level Oceania)Tuvalu
33%
47. 3690 (4090 m/400 m Asia)Armenia
31%
80. 2750 (2750 m/sea level South America)Guyana
30%
44. 3780 (3776 m/−4 m Asia)Japan
30%
194. 10 (10 m/sea level Oceania)Marshall Islands
30%
42. 3856 (4374 m/518 m Asia)Mongolia
30%
193. 42 (75 m/33 m Europe)Vatican City
28%
67. 2966 (2962 m/−4 m Europe)Germany
27%
74. 2870 (2870 m/sea level North America)Honduras
27%
51. 3569 (4519 m/950 m Africa)Rwanda
27%
171. 514 (514 m/sea level South America)Uruguay
27%
109. 2243 (2228 m/−15 m Oceania)Australia
26%
190. 71 (71 m/sea level Oceania)Nauru
26%
164. 796 (842 m/46 m South America)Paraguay
26%
55. 3220 (3139 m/−81 m Asia)Turkmenistan
26%
143. 1230 (1230 m/sea level South America)Suriname
25%
49. 3666 (3666 m/sea level Asia)Yemen
25%
40. 4040 (4040 m/sea level Africa)Cameroon
24%
105. 2335 (2335 m/sea level Oceania)Solomon Islands
24%
191. 63 (63 m/sea level North America)Bahamas
23%
83. 2730 (2730 m/sea level North America)El Salvador
23%
85. 2680 (2680 m/sea level North America)Haiti
23%
50. 3611 (3611 m/sea level Asia)Iraq
22%
189. 81 (81 m/sea level Oceania)Kiribati
22%
41. 3952 (3952 m/sea level Asia)Taiwan
22%
56. 3143 (3143 m/sea level Asia)Vietnam
22%
120. 1974 (1974 m/sea level North America)Cuba
21%
186. 161 (161 m/sea level Europe)Monaco
21%
183. 242 (242 m/sea level Oceania)Palau
21%
127. 1857 (1857 m/sea level Oceania)Samoa
21%
126. 1877 (1877 m/sea level Oceania)Vanuatu
21%
108. 2256 (2256 m/sea level North America)Jamaica
20%
53. 3450 (3450 m/sea level Africa)South Africa
20%
165. 791 (791 m/sea level Oceania)Federated States of Micronesia
19%
113. 2107 (2107 m/sea level North America)Nicaragua
19%
151. 1033 (1033 m/sea level Oceania)Tonga
19%
174. 402 (402 m/sea level North America)Antigua and Barbuda
18%
175. 336 (336 m/sea level North America)Barbados
18%
140. 1324 (1324 m/sea level Oceania)Fiji
18%
72. 2919 (2919 m/sea level Europe)Greece
18%
58. 3133 (3133 m/sea level Asia)Saudi Arabia
18%
71. 2925 (2925 m/sea level Europe)Bulgaria
17%
54. 3285 (3445 m/160 m Africa)Chad
17%
192. 53 (53 m/sea level Africa)Gambia
17%
63. 3028 (2814 m/−214 m Asia)Syria
17%
184. 178 (171 m/−7 m Europe)Denmark
16%
162. 840 (840 m/sea level North America)Grenada
16%
60. 3088 (3088 m/sea level Asia)Lebanon
16%
182. 253 (253 m/sea level Europe)Malta
16%
155. 950 (950 m/sea level North America)Saint Lucia
16%
185. 164 (164 m/sea level Asia)Singapore
16%
75. 2864 (2864 m/sea level Europe)Slovenia
16%
156. 940 (940 m/sea level North America)Trinidad and Tobago
16%
137. 1447 (1447 m/sea level North America)Dominica
15%
144. 1156 (1156 m/sea level North America)Saint Kitts and Nevis
15%
142. 1234 (1234 m/sea level North America)Saint Vincent and the Grenadines
15%
167. 698 (694 m/−4 m Europe)Belgium
14%
146. 1124 (1124 m/sea level North America)Belize
14%
111. 2169 (2599 m/430 m Europe)Liechtenstein
14%
160. 894 (887 m/−7 m Europe)Netherlands
14%
66. 2980 (2980 m/sea level Asia)Oman
14%
70. 2954 (2954 m/sea level Asia)Philippines
14%
115. 2102 (2942 m/840 m Europe)Andorra
13%
187. 122 (122 m/sea level Asia)Bahrain
13%
69. 2963 (2963 m/sea level Asia)East Timor
13%
173. 427 (560 m/133 m Europe)Luxembourg
13%
166. 700 (755 m/55 m Europe)San Marino
13%
78. 2764 (2764 m/sea level Europe)Albania
12%
59. 3093 (3018 m/−75 m Africa)Eritrea
12%
176. 318 (318 m/sea level Europe)Estonia
12%
177. 312 (312 m/sea level Europe)Latvia
12%
188. 103 (103 m/sea level Asia)Qatar
12%
90. 2565 (2565 m/sea level Asia)Thailand
12%
61. 3043 (3003 m/−40 m Africa)Algeria
11%
86. 2658 (2236 m/−422 m Asia)Israel
11%
107. 2276 (1854 m/−422 m Asia)Jordan
11%
81. 2747 (2817 m/70 m Asia)Laos
11%
180. 299 (294 m/−5 m Europe)Lithuania
11%
84. 2714 (2764 m/50 m Europe)North Macedonia
11%
96. 2469 (2469 m/sea level Europe)Norway
11%
95. 2504 (2499 m/−5 m Europe)Poland
11%
91. 2561 (2655 m/94 m Europe)Slovakia
11%
62. 3042 (3042 m/sea level Africa)Sudan
11%
181. 256 (346 m/90 m Europe)Belarus
10%
128. 1850 (1850 m/sea level Asia)Brunei
10%
157. 938 (1014 m/76 m Europe)Hungary
10%
178. 306 (306 m/sea level Asia)Kuwait
10%
93. 2534 (2534 m/sea level Europe)Montenegro
10%
92. 2544 (2544 m/sea level Europe)Romania
10%
114. 2106 (2104 m/−2 m Europe)Sweden
10%
117. 2066 (2061 m/−5 m Europe)Ukraine
10%
139. 1347 (1343 m/−4 m Europe)United Kingdom
10%
149. 1052 (1052 m/sea level Asia)Bangladesh
9%
130. 1831 (1831 m/sea level Europe)Croatia
9%
140. 1324 (1324 m/sea level Europe)Finland
9%
179. 300 (300 m/sea level Africa)Guinea-Bissau
9%
150. 1038 (1041 m/−3 m Europe)Ireland
9%
68. 2965 (3002 m/37 m Africa)Malawi
9%
172. 428 (430 m/2 m Europe)Moldova
9%
82. 2744 (2744 m/sea level Asia)North Korea
9%
87. 2628 (2656 m/28 m Europe)Serbia
9%
76. 2837 (3187 m/350 m Africa)South Sudan
9%
94. 2524 (2524 m/sea level Asia)Sri Lanka
9%
124. 1912 (2684 m/772 m Africa)Burundi
8%
64. 3008 (3008 m/sea level Africa)Equatorial Guinea
8%
112. 2110 (2110 m/sea level Europe)Iceland
8%
101. 2386 (2386 m/sea level Europe)Bosnia and Herzegovina
7%
132. 1810 (1810 m/sea level Asia)Cambodia
7%
121. 1951 (1951 m/sea level Asia)Cyprus
7%
136. 1487 (1602 m/115 m Europe)Czech Republic
7%
79. 2762 (2629 m/−133 m Africa)Egypt
7%
103. 2359 (2656 m/297 m Europe)Kosovo
7%
116. 2082 (3482 m/1400 m Africa)Lesotho
7%
73. 2876 (2876 m/sea level Africa)Madagascar
7%
104. 2351 (2351 m/sea level Europe)Portugal
7%
122. 1950 (1950 m/sea level Asia)South Korea
7%
125. 1910 (1910 m/sea level Asia)United Arab Emirates
7%
77. 2829 (2829 m/sea level Africa)Cape Verde
6%
88. 2620 (2620 m/sea level Africa)Angola
5%
89. 2606 (2606 m/sea level Africa)Namibia
5%
168. 658 (658 m/sea level Africa)Benin
4%
170. 549 (749 m/200 m Africa)Burkina Faso
4%
163. 828 (828 m/sea level Africa)Mauritius
4%
169. 581 (581 m/sea level Africa)Senegal
4%
159. 905 (905 m/sea level Africa)Seychelles
4%
123. 1948 (1948 m/sea level Africa)Sierra Leone
4%
154. 978 (1491 m/513 m Africa)Botswana
3%
102. 2360 (2360 m/sea level Africa)Comoros
3%
110. 2183 (2028 m/−155 m Africa)Djibouti
3%
161. 880 (880 m/sea level Africa)Ghana
3%
133. 1752 (1752 m/sea level Africa)Guinea
3%
133. 1752 (1752 m/sea level Africa)Ivory Coast
3%
138. 1440 (1440 m/sea level Africa)Liberia
3%
106. 2314 (2267 m/−47 m Africa)Libya
3%
145. 1132 (1155 m/23 m Africa)Mali
3%
158. 920 (915 m/−5 m Africa)Mauritania
3%
98. 2436 (2436 m/sea level Africa)Mozambique
3%
100. 2419 (2419 m/−0.2 m Africa)Nigeria
3%
152. 1020 (1020 m/sea level Africa)Republic of the Congo
3%
118. 2024 (2024 m/sea level Africa)Sao Tome and Principe
3%
97. 2450 (2450 m/sea level Africa)Somalia
3%
129. 1841 (1862 m/21 m Africa)Swaziland
3%
153. 986 (986 m/sea level Africa)Togo
3%
99. 2430 (2592 m/162 m Africa)Zimbabwe
3%
147. 1085 (1420 m/335 m Africa)Central African Republic
2%
148. 1070 (1070 m/sea level Africa)Gabon
2%
131. 1822 (2022 m/200 m Africa)Niger
2%
119. 2000 (2329 m/329 m Africa)Zambia
2%
135. 1561 (1544 m/−17 m Africa)Tunisia
1%

Score Distribution

Percentile by Number Answered

Percent of People with Each Score

Your Score History

You have not taken this quiz since the last reset